01175nam a22002777a 450000500170000000800410001704100080005804400070006608200180007311000520009124500800014326000820022330000300030550400420033550500600037750500470043750500350048450500320051950500530055150500360060450500350064050500550067550500350073050500690076565000630083420140224120355.0140224b ck ad gr|||| 00| 0 spa d aspa ack a334.098bC82m2 aCorporación Autónoma Regional del Quindío1 aManual EmpresarialbPara Iniciativas Productivas ComunitariascCRQ, PACOFOR a[Armenia]bCorporación Autónoma Regional del Quindío, CRQbPACOFORc[?] ap. 76bil., tablasc27 cm aContiene bibliografía (página 76)0 t1. Principios de Producción y Comercialización p. 40 t2. Principios Básicos Empresariales p. 90 t3. Empresas Comunitarias p. 140 t4. Formas Asociativas p. 200 t5. Modelos de Administración y Gestión p. 260 t6. Componente de Mercadeo p. 310 t7. Componente Financiero p. 430 t8. Autodiagnóstico Empresarial Comunitario p. 520 t9. Contabilidad Básica p. 600 t10. Plan de Aprovechamiento Sostenible de los Recursos Naturales aAdministraciónvManualxDiversidad BiológicazColombia